=LDR 00000nam 2200000 4500 =001 INLIS000000000026328 =005 20130612124757 =008 ***********************************Ind** =035 ##$$0010-061300000026328 =041 ##$$a Ind =082 ##$$a 8x0.8 =090 ##$$a 8x0.8, Bun b =245 ##$$a Bunga rampai sastra-sastra asean sastra lisan Indonesia =260 ##$$a 1983 $b [S.l] =300 ##$$a 499 hlm, 21 cm =650 ##$$a Kesusastraan =850 ##$$a NBPNMAT